| 000 | 01014nam a2200337 b 4500 | ||
|---|---|---|---|
| 001 | 0000610 | ||
| 003 | DO-SdBPM | ||
| 005 | 20251118104848.0 | ||
| 007 | ta | ||
| 008 | 0506172008 mx spa | ||
| 017 |
_a _b |
||
| 020 | _a9789705802621 | ||
| 035 | _a | ||
| 040 |
_aDO-SdBPM _bspa _cBPMSU _e rda |
||
| 082 | 4 |
_a659.1 _bV836e 2008 _222 |
|
| 100 | 1 |
_aVitale, Joe _eautor _4aut. |
|
| 245 | 1 | 0 |
_aEscritura hipnótica : _bcómo seducir y convencer a las personas sólo con palabras / _cJoe Vitale. _h |
| 264 |
_aMéxico : _bAlamah, _c2008. |
||
| 300 |
_a278 páginas ; _c23 cm |
||
| 336 |
_atexto _btxt _2rdacontent |
||
| 337 |
_asin mediación _bn _2rdamedia |
||
| 338 |
_avolumen _bnc _2rdacarrier |
||
| 490 | 0 | _aAutoayuda | |
| 504 | _aBibliografía páginas : 272-278 | ||
| 590 | _aInventariado, 2025/VM | ||
| 650 | 7 | _a Persuación (Psicología) | |
| 650 | 7 | _a Comunicación escrita | |
| 650 | 7 |
_a Publicidad _xLenguaje |
|
| 910 | _aVMateo V. Control de calidad. BPMSU | ||
| 942 |
_2ddc _cBK |
||
| 999 |
_c11147 _d11147 |
||